LEADER 00825nam0-22002771i-450- 001 990000076960403321 035 $a000007696 035 $aFED01000007696 035 $a(Aleph)000007696FED01 035 $a000007696 100 $a20011111d--------km-y0itay50------ba 101 0 $aita 105 $ay-------001yy 200 1 $a<>moderne macchine per lavori di terra$eanalisi delle prestazioni, dei tempi e dei costi di esercizio$fGiulioMalvani. 210 $aGenova$cVitali e Ghianda$d1955 610 0 $aMacchine agricole 676 $a630.3 700 1$aMalvani,$bGiulio$05217 801 0$aIT$bUNINA$gRICA$2UNIMARC 901 $aBK 912 $a990000076960403321 952 $a13 L 27 08$b22294$fFINBC 959 $aFINBC 996 $aModerne macchine per lavori di terra$9110598 997 $aUNINA DB $aING01 LEADER 00955nam0-22002771i-450- 001 990000649120403321 005 20001010 035 $a000064912 035 $aFED01000064912 035 $a(Aleph)000064912FED01 035 $a000064912 100 $a20001010d--------km-y0itay50------ba 101 0 $aita 105 $ay-------001yy 200 1 $a<>piano intercomunale$ecoordinamento dei p.r.g. dei comuni di Dolo, Martellago, Mira, Mogliano Veneto, Noale, Salzano,Spinea$fProvincia di Venezia$ga cura dell' Ufficio provinciale di coordinamento dei piani regolatori comunali. 210 $as.l.$cs.e. (stampa Stabilimento grafico tipocolor)$ds.a. 215 $a237 p., [2] c.di tav.$d30 cm 710 02$aVenezia$c$032791 801 0$aIT$bUNINA$gRICA$2UNIMARC 901 $aBK 912 $a990000649120403321 952 $a01 FB 1075$b$fDINST 959 $aDINST 996 $aPiano intercomunale$9314137 997 $aUNINA DB $aING01 LEADER 04149nas# 2200505 i 450 001 SUN0000781 005 20150825090700.461 010 $d0.00 011 $a0029-5973 100 $a20020612a1954 |0engc50 ba 101 $aeng 102 $aNL 105 $a|||| ||||| 110 $aaT||||||||| 200 1 $a*Numen$einternational review for the history of religions$fissued by the International association for the history of religions 205 $aVol. 1 (1954)- 207 $aLeiden : Brill, 1954- 210 $avolumi$a24 cm 215 $aQuadrimestrale, semestrale dal 1979 al 1992, trimestrale dal 1999. 606 $aReligione. Seriali.$2FI$3SUNC000518 620 $dLeiden$3SUNL000095 676 $a200.5$cRELIGIONE. PUBBLICAZIONI IN SERIE$v21 712 02$aInternational association for the history of religions$3SUNV000579 712 $aBrill$3SUNV001456$4650 801 $aIT$bSOL$c20181109$gRICA 856 4 $uhttp://journals.cambridge.org/action/displayJournal?jid=NYL 856 4 $uhttp://www.brill.com/numen 899 $aUFFICIO DI BIBLIOTECA DEL DIPARTIMENTO DI GIURISPRUDENZA$2SUN00$41994-2002; 2004-2007; lac. 1998;$cSALA GIALLA sc. 1 ; 912 $aSUN0000781 950 $aUFFICIO DI BIBLIOTECA DEL DIPARTIMENTO DI GIURISPRUDENZA$b00 1994-2002; 2004-2007; lac. 1998;$d00 RIV SALA GIALLA sc.1 1997 $e00 RIV3202 $d00 RIV SALA GIALLA sc.1 1996 $e00 RIV3203 $d00 RIV SALA GIALLA sc.1 1998 $e00 RIV3204 $d00 RIV SALA GIALLA sc.1 2007 $e00 RIV3205 $d00 RIV SALA GIALLA sc.1 2001 $e00 RIV3206 $d00 RIV SALA GIALLA sc.1 2000 $e00 RIV3207 $d00 RIV SALA GIALLA sc.1 1999 $e00 RIV3208 $d00 RIV SALA GIALLA sc.1 1995 $e00 RIV6048 $d00 RIV SALA GIALLA sc.1 1994 $e00 RIV6379 $d00 RIV SALA GIALLA sc.1 2004 $e00 RIV26593 $d00 RIV SALA GIALLA sc.1 2005 $e00 RIV30836 $d00 RIV SALA GIALLA sc.1 2002 $e00 RIV31567 $d00 RIV SALA GIALLA sc.1 2006 $e00 RIV32405 995 $aUFFICIO DI BIBLIOTECA DEL DIPARTIMENTO DI GIURISPRUDENZA$gRIV$h3202$kRIV SALA GIALLA sc.1 1997$oc$qa 995 $aUFFICIO DI BIBLIOTECA DEL DIPARTIMENTO DI GIURISPRUDENZA$gRIV$h3203$kRIV SALA GIALLA sc.1 1996$oc$qa 995 $aUFFICIO DI BIBLIOTECA DEL DIPARTIMENTO DI GIURISPRUDENZA$gRIV$h3204$kRIV SALA GIALLA sc.1 1998$oc$qa 995 $aUFFICIO DI BIBLIOTECA DEL DIPARTIMENTO DI GIURISPRUDENZA$gRIV$h3205$kRIV SALA GIALLA sc.1 2007$oc$qa 995 $aUFFICIO DI BIBLIOTECA DEL DIPARTIMENTO DI GIURISPRUDENZA$gRIV$h3206$kRIV SALA GIALLA sc.1 2001$oc$qa 995 $aUFFICIO DI BIBLIOTECA DEL DIPARTIMENTO DI GIURISPRUDENZA$gRIV$h3207$kRIV SALA GIALLA sc.1 2000$oc$qa 995 $aUFFICIO DI BIBLIOTECA DEL DIPARTIMENTO DI GIURISPRUDENZA$gRIV$h3208$kRIV SALA GIALLA sc.1 1999$oc$qa 995 $aUFFICIO DI BIBLIOTECA DEL DIPARTIMENTO DI GIURISPRUDENZA$gRIV$h6048$kRIV SALA GIALLA sc.1 1995$oc$qa 995 $aUFFICIO DI BIBLIOTECA DEL DIPARTIMENTO DI GIURISPRUDENZA$gRIV$h6379$kRIV SALA GIALLA sc.1 1994$oc$qa 995 $aUFFICIO DI BIBLIOTECA DEL DIPARTIMENTO DI GIURISPRUDENZA$gRIV$h26593$kRIV SALA GIALLA sc.1 2004$oc$qa 995 $aUFFICIO DI BIBLIOTECA DEL DIPARTIMENTO DI GIURISPRUDENZA$gRIV$h30836$kRIV SALA GIALLA sc.1 2005$oc$qa 995 $aUFFICIO DI BIBLIOTECA DEL DIPARTIMENTO DI GIURISPRUDENZA$gRIV$h31567$kRIV SALA GIALLA sc.1 2002$oc$qa 995 $aUFFICIO DI BIBLIOTECA DEL DIPARTIMENTO DI GIURISPRUDENZA$gRIV$h32405$kRIV SALA GIALLA sc.1 2006$oc$qa 996 $aNumen$9789818 997 $aUNICAMPANIA